A zero-tolerance juvenile alcohol law: why legislation won't work
DUI laws : risk reduction or risk enhancement -- The history of DUI legislation -- Assessing juvenile drunk driving legislation -- Reducing crime or increasing criminality -- A problem that cannot be legislated away
| Autor principal: | |
|---|---|
| Tipo de documento: | Print Libro |
| Lenguaje: | Inglés |
| Publicado: |
El Paso
LFB Scholarly Publ.
2009
|
| En: | Año: 2009 |
| Acceso en línea: |
Índice |
| Disponibilidad en Tübingen: | Disponible en Tübingen. UB: KB 20 A 4099 |
| Verificar disponibilidad: | HBZ Gateway |
| Servicio de pedido Subito: | Pedir ahora. |
| Palabras clave: |
MARC
| LEADER | 00000cam a2200000 c 4500 | ||
|---|---|---|---|
| 001 | 1622838416 | ||
| 003 | DE-627 | ||
| 005 | 20251225202558.0 | ||
| 007 | tu | ||
| 008 | 091020s2009 xxu||||| 00| ||eng c | ||
| 010 | |a 2009018623 | ||
| 020 | |a 9781593323677 |c alk. paper |9 978-1-59332-367-7 | ||
| 035 | |a (DE-627)1622838416 | ||
| 035 | |a (DE-576)312090889 | ||
| 035 | |a (DE-599)BSZ312090889 | ||
| 035 | |a (OCoLC)632430833 | ||
| 040 | |a DE-627 |b ger |c DE-627 |e rakwb | ||
| 041 | |a eng | ||
| 044 | |c XD-US | ||
| 050 | 0 | |a HV5135 | |
| 082 | 0 | |a 345.730247 | |
| 082 | 0 | |a 345.73/0247 | |
| 100 | 1 | |a Lewis, John A. |d 1957- |0 (DE-588)140255753 |0 (DE-627)703616501 |0 (DE-576)258680660 |4 aut | |
| 109 | |a Lewis, John A. 1957- |a Lewis, John Allen 1957- | ||
| 245 | 1 | 2 | |a A zero-tolerance juvenile alcohol law |b why legislation won't work |c John A. Lewis |
| 264 | 1 | |a El Paso |b LFB Scholarly Publ. |c 2009 | |
| 300 | |a XII, 174 S. | ||
| 336 | |a Text |b txt |2 rdacontent | ||
| 337 | |a ohne Hilfsmittel zu benutzen |b n |2 rdamedia | ||
| 338 | |a Band |b nc |2 rdacarrier | ||
| 490 | 0 | |a Criminal justice |a recent scholarship | |
| 500 | |a Includes bibliographical references and index | ||
| 520 | |a DUI laws : risk reduction or risk enhancement -- The history of DUI legislation -- Assessing juvenile drunk driving legislation -- Reducing crime or increasing criminality -- A problem that cannot be legislated away | ||
| 583 | 1 | |a Archivierung prüfen |c 20200919 |f DE-640 |z 2 |2 pdager | |
| 650 | 0 | |a Teenagers |x Alcohol use | |
| 650 | 0 | |a Drunk Driving |x Prevention | |
| 689 | 0 | 0 | |d g |0 (DE-588)4045103-3 |0 (DE-627)106202871 |0 (DE-576)209063882 |a Pennsylvania |2 gnd |
| 689 | 0 | 1 | |d s |0 (DE-588)4072431-1 |0 (DE-627)10609520X |0 (DE-576)209186984 |a Heranwachsender |2 gnd |
| 689 | 0 | 2 | |d s |0 (DE-588)4406094-4 |0 (DE-627)194976408 |0 (DE-576)212110152 |a Promillegrenze |2 gnd |
| 689 | 0 | 3 | |d s |0 (DE-588)4020682-8 |0 (DE-627)106317121 |0 (DE-576)208934405 |a Gesetzgebung |2 gnd |
| 689 | 0 | 4 | |d s |0 (DE-588)4071034-8 |0 (DE-627)106098713 |0 (DE-576)209182709 |a Evaluation |2 gnd |
| 689 | 0 | |5 (DE-627) | |
| 689 | 1 | 0 | |d g |0 (DE-588)4045103-3 |0 (DE-627)106202871 |0 (DE-576)209063882 |a Pennsylvania |2 gnd |
| 689 | 1 | 1 | |d s |0 (DE-588)4072431-1 |0 (DE-627)10609520X |0 (DE-576)209186984 |a Heranwachsender |2 gnd |
| 689 | 1 | 2 | |d s |0 (DE-588)4032656-1 |0 (DE-627)106260766 |0 (DE-576)208998071 |a Kraftfahrer |2 gnd |
| 689 | 1 | 3 | |d s |0 (DE-588)4001223-2 |0 (DE-627)104746750 |0 (DE-576)20884175X |a Alkoholkonsum |2 gnd |
| 689 | 1 | 4 | |d s |0 (DE-588)4057931-1 |0 (DE-627)104359951 |0 (DE-576)209124105 |a Straßenverkehr |2 gnd |
| 689 | 1 | 5 | |d s |0 (DE-588)4076308-0 |0 (DE-627)104364106 |0 (DE-576)209201428 |a Prävention |2 gnd |
| 689 | 1 | |5 (DE-627) | |
| 856 | 4 | 2 | |u https://swbplus.bsz-bw.de/bsz312090889inh.htm |m B:DE-576;DE-21 |q application/pdf |v 20100126103234 |x Verlag |3 Inhaltsverzeichnis |7 1 |
| 951 | |a BO | ||
| ELC | |b 1 | ||
| LOK | |0 000 xxxxxcx a22 zn 4500 | ||
| LOK | |0 001 3247739750 | ||
| LOK | |0 003 DE-627 | ||
| LOK | |0 004 1622838416 | ||
| LOK | |0 005 20100118151940 | ||
| LOK | |0 008 091020||||||||||||||||ger||||||| | ||
| LOK | |0 040 |a DE-21 |c DE-627 |d DE-21 | ||
| LOK | |0 852 |a DE-21 | ||
| LOK | |0 852 1 |c KB 20 A 4099 |9 00 | ||
| LOK | |0 935 |a krim | ||
| LOK | |0 936ln |a k9.6.4 | ||
| LOK | |0 938 |a 1001 |f 34 | ||
| LOK | |0 939 |a 20-10-09 |b l01 | ||
| ORI | |a SA-MARC-krimdoka001.raw | ||
| SIG | |a UB: KB 20 A 4099 | ||
